| 000 | 00850nam a22002297a 4500 | ||
|---|---|---|---|
| 999 |
_c6643 _d6643 |
||
| 003 | AR-CdUCM | ||
| 008 | 190318b ||||| |||| 00| 0 spa d | ||
| 040 |
_aMUNICIPALIDAD PROVINCIAL DEL CUSCO _cBIBLIOTECA MUNICIPAL DEL CUSCO |
||
| 082 |
_a530 / _bA42 |
||
| 100 |
_aAlonso, Marcelo _918680 |
||
| 245 |
_aFísica : _bFundamentos cuánticos y estadísticos / |
||
| 260 |
_aBogotá : _bFondo Educativo Interamericano, _c1971. |
||
| 300 |
_a612 páginas ; _bIlustraciones, _c23 cm. |
||
| 505 | _aContenido: t.3 -- Fundamentos de la física cuántica -- Mecánica cuántica -- Átomos con un electrón -- Átomos con mucho electrones -- Moléculas ... | ||
| 650 |
_aFisica _92382 |
||
| 650 |
_aMoléculas _918681 |
||
| 650 |
_aMecánica _918682 |
||
| 650 |
_aÁtomos _918683 |
||
| 700 |
_aFinn, Edward J. _918684 |
||
| 942 |
_2ddc _cLIBROS |
||
| 945 | _aacv | ||